|
|
|
|
| LEADER |
00000cas a2200000 a 4500 |
| 001 |
vtls010476494 |
| 003 |
SK-MaSNL |
| 005 |
20260228160359.0 |
| 008 |
121204d20122014xo mr|p 0 b0slo |
| 022 |
|
|
|a 1338-8975
|
| 040 |
|
|
|a SVKBB
|b slo
|c SVKBB
|d SNK
|e AACR2
|
| 041 |
0 |
|
|a slo
|
| 044 |
|
|
|a xo
|c SK
|
| 072 |
|
7 |
|a 620.9
|x Energetika
|2 konspekt
|
| 080 |
|
|
|a 620.9
|2 2001
|
| 080 |
|
|
|a 050
|2 2001
|
| 210 |
0 |
|
|a Energo
|b (Bratisl.)
|
| 222 |
|
0 |
|a Energo
|b (Bratislava)
|
| 245 |
0 |
0 |
|a Energo
|b mesačník o energetike
|
| 260 |
|
|
|a Bratislava
|b Energo Press
|c 2012-2014
|
| 300 |
|
|
|a 3 zv.
|c 30 cm
|
| 310 |
|
|
|a 1x mesačne
|
| 362 |
0 |
|
|a Roč. 1, č. 1 (okt. 2012)-roč. 3, č. 1 (2014)
|
| 500 |
|
|
|a Časopis číslom 1/2014 prestáva vychádzať ako samostatné periodikum
|
| 500 |
|
|
|a Od č. 2/2014 bude vychádzať ako súčasť časopisu Odpadové hospodárstvo
|
| 500 |
|
|
|a Evidenčné číslo: EV 4689/12
|
| 500 |
|
|
|a Šéfredaktor: 1/2012-2/2013, Tomáš Ferenčák ; 3/2013-9/2013, Miroslav Pejko
|
| 500 |
|
|
|a Redaktori: 1/2012-1/2014, Radovan Kazda ... [et al.]
|
| 525 |
|
|
|a Je prílohou k časopisu: Odpadové hospodárstvo
|
| 650 |
0 |
7 |
|a energetika
|2 SNKPH
|9 3680
|
| 655 |
|
7 |
|a špecializované časopisy
|2 SNKPH
|9 70509
|
| 700 |
1 |
|
|a Ferenčák, Tomáš
|4 pbd
|9 266525
|
| 700 |
1 |
|
|a Pejko, Miroslav
|4 pbd
|9 266526
|
| 700 |
1 |
|
|a Kazda, Radovan
|4 red
|9 266527
|
| 772 |
0 |
|
|t Odpadové hospodárstvo
|x 1338-595X
|w vtls010332217
|
| 852 |
|
|
|a Štátna vedecká knižnica v Banskej Bystrici
|
| 910 |
|
|
|a snk
|
| 958 |
|
|
|a OND
|
| 999 |
|
|
|c 2321
|d 4251
|
| 952 |
|
|
|0 0
|1 0
|4 0
|7 0
|8 0
|a SNK
|b SNK
|d 2017-02-13
|i snk2017/4059
|l 0
|o snkČSB 6326/1/2012 D1
|p 17A1204669
|r 2026-02-21 21:55:33
|t č. 1-3, neúplné
|w 2026-02-21
|y PREZ
|z Chýba č. 1
|
| 952 |
|
|
|0 0
|1 0
|4 0
|7 0
|8 0
|a SNK
|b SNK
|d 2017-02-13
|i snk2017/4061
|l 0
|o snkČSB 6326/2/2013
|p 17A1204668
|r 2026-02-21 21:55:33
|t č. 1-12
|w 2026-02-21
|y PREZ
|
| 952 |
|
|
|0 0
|1 0
|4 0
|7 0
|8 0
|a SNK
|b SNK
|d 2017-02-13
|i snk2017/4064
|l 0
|o snkČSB 6326/2/2013 D1
|p 17A1204667
|r 2026-02-21 21:55:33
|t č. 1-12
|w 2026-02-21
|y PREZ
|
| 952 |
|
|
|0 0
|1 0
|4 0
|7 0
|8 0
|a SNK
|b SNK
|d 2017-02-13
|i snk2017/4067
|l 0
|o snkČSB 6326/3/2014
|p 17A1204666
|r 2026-02-21 21:55:33
|t č. 1
|w 2026-02-21
|y PREZ
|
| 952 |
|
|
|0 0
|1 0
|4 0
|7 0
|8 0
|a SNK
|b SNK
|d 2017-02-13
|i snk2017/4075
|l 0
|o snkČSB 6326/3/2014 D1
|p 17A1204665
|r 2026-02-21 21:55:33
|t č. 1
|w 2026-02-21
|y PREZ
|
| 952 |
|
|
|0 0
|1 0
|4 0
|7 0
|8 0
|a SNK
|b SNK
|d 2017-02-13
|i snk2017/4031
|l 0
|o snkČSB 6326/1/2012
|p 17A1204670
|r 2026-02-21 21:55:35
|t č. 1-3, neúplné
|w 2026-02-21
|y PREZ
|z Chýba č. 1
|